Cortar una espiga más : (Record no. 4560)

MARC details
000 -LEADER
campo de control de longitud fija 01331cam a2200373 i 4500
001 - NÚMERO DE CONTROL
campo de control 22966694
003 - IDENTIFICADOR DE NÚMERO DE CONTROL
campo de control 0
005 - FECHA Y HORA DE LA ÚLTIMA TRANSACCIÓN
campo de control 20251113104451.0
008 - DATOS DE LONGITUD FIJA--INFORMACIÓN GENERAL
campo de control de longitud fija 230210s2021 cr a b 000 0 spa
010 ## - NÚMERO DE CONTROL DE LA BIBLIOTECA DEL CONGRESO
Número de control de LC 2022456362
020 ## - NÚMERO INTERNACIONAL ESTÁNDAR DEL LIBRO
Número Internacional Estándar del Libro 9789930580677
020 ## - NÚMERO INTERNACIONAL ESTÁNDAR DEL LIBRO
Número Internacional Estándar del Libro 9930580670
035 ## - NÚMERO DE CONTROL DEL SISTEMA
Número de control de sistema 22966694
035 ## - NÚMERO DE CONTROL DEL SISTEMA
Número de control de sistema (OCoLC)1367362125
040 ## - FUENTE DE CATALOGACIÓN
Centro catalogador/agencia de origen DLC
Lengua de catalogación eng
Normas de descripción rda
Centro/agencia transcriptor DLC
042 ## - CÓDIGO DE AUTENTICACIÓN
Código de autenticación pcc
050 00 - SIGNATURA TOPOGRÁFICA DE LA BIBLIOTECA DEL CONGRESO
Número de clasificación F1547
Número de ítem .M57 2021
100 1# - ENTRADA PRINCIPAL--NOMBRE DE PERSONA
Nombre de persona Molina Jiménez, Iván,
Término indicativo de función/relación author.
245 10 - MENCIÓN DEL TÍTULO
Título Cortar una espiga más :
Resto del título estudios sobre Costa Rica en la época de la independencia /
Mención de responsabilidad, etc. Iván Molina Jiménez.
250 ## - MENCION DE EDICION
Mención de edición Primera edición
264 #1 - PRODUCCIÓN, PUBLICACIÓN, DISTRIBUCIÓN, FABRICACIÓN Y COPYRIGHT
Producción, publicación, distribución, fabricación y copyright San José, Costa Rica :
Nombre del de productor, editor, distribuidor, fabricante Editorial Costa Rica,
Fecha de producción, publicación, distribución, fabricación o copyright 2021.
300 ## - DESCRIPCIÓN FÍSICA
Extensión xix, 233 pages :
Otras características físicas illustrations ;
Dimensiones 25 cm.
336 ## - TIPO DE CONTENIDO
Término de tipo de contenido text
Código de tipo de contenido txt
Fuente rdacontent
337 ## - TIPO DE MEDIO
Nombre/término del tipo de medio unmediated
Código del tipo de medio n
Fuente rdamedia
338 ## - TIPO DE SOPORTE
Nombre/término del tipo de soporte volume
Código del tipo de soporte nc
Fuente rdacarrier
490 0# - MENCIÓN DE SERIE
Mención de serie Colección Nueva biblioteca patria ;
Designación de volumen o secuencia volumen no. 14
490 0# - MENCIÓN DE SERIE
Mención de serie 200 colección bicentenario
504 ## - NOTA DE BIBLIOGRAFÍA, ETC.
Nota de bibliografía, etc. Includes bibliographical references (pages 189-220) and index.
651 #0 - PUNTO DE ACCESO ADICIONAL DE MATERIA--NOMBRE GEOGRÁFICO
Nombre geográfico Costa Rica
Subdivisión general History
Subdivisión cronológica To 1821.
651 #0 - PUNTO DE ACCESO ADICIONAL DE MATERIA--NOMBRE GEOGRÁFICO
Nombre geográfico Costa Rica
Subdivisión general History
Subdivisión cronológica 1821-1948.
906 ## - ELEMENTOS DE DATOS F LOCAL, LDF (RLIN)
a 7
b cbc
c origres
d 2
e ncip
f 20
g y-gencatlg
942 ## - ELEMENTOS DE ENTRADA SECUNDARIOS (KOHA)
Fuente del sistema de clasificación o colocación Clasificación Decimal Dewey
Tipo de ítem Koha Libros
Suprimir en OPAC No
Holdings
Estatus retirado Estado de pérdida Fuente del sistema de clasificación o colocación Estado de daño No para préstamo Biblioteca de origen Biblioteca actual Fecha de adquisición Total de préstamos Visto por última vez Precio de reemplazo Tipo de ítem Koha
    Clasificación Decimal Dewey     Biblioteca LadoV Biblioteca LadoV 13/11/2025   13/11/2025 13/11/2025 Libros